[Event "Zuerich Seniors op 3rd"]
[Site "Zuerich"]
[Date "2005.01.31"]
[Round "6"]
[White "Bissig, Martin"]
[Black "Forrer, Paul"]
[Result "1-0"]
[WhiteElo "1693"]
[BlackElo "1700"]
[PlyCount "87"]
[EventDate "2005.01.24"]
[EventType "swiss"]
[EventRounds "9"]
[EventCountry "SUI"]
[SourceTitle "EXT 2007"]
[Source "ChessBase"]
[SourceDate "2006.11.23"]
[SourceVersion "1"]
[SourceVersionDate "2006.11.23"]
[SourceQuality "1"]

1. e4 c6 2. d4 d5 3. Nd2 Nf6 4. e5 Nfd7 5. Bd3 e6 6. Ngf3 Be7 7. Nb3 0-0 8. Be3 b6 9. c4 c5 10. dxc5 bxc5 11. 0-0 Nc6 12. cxd5 exd5 13. Bf5 Ndxe5 14. Bxc8 Nxf3+ 15. Qxf3 Qxc8 16. Nxc5 Bxc5 17. Bxc5 Rd8 18. Rac1 Qe6 19. Rfe1 Qd7 20. Ba3 Re8 21. Red1 Ne5 22. Qxd5 Qxd5 23. Rxd5 Rad8 24. Rxd8 Rxd8 25. Kf1 Nd3 26. Rd1 h6 27. g3 Rc8 28. Rxd3 Rc1+ 29. Ke2 Ra1 30. Rd8+ Kh7 31. Rd7 Rxa2 32. Rd1 g5 33. Ke3 f5 34. Kd4 Kg6 35. Ke5 a5 36. h3 a4 37. Rd6+ Kf7 38. Kxf5 Ra1 39. Rxh6 Rd1 40. Kxg5 Rd5+ 41. Kg4 Kg7 42. Ra6 Rd4+ 43. f4 Kf7 44. h4 1-0

[Event "Zuerich Seniors op 3rd"]
[Site "Zuerich"]
[Date "2005.01.25"]
[Round "2"]
[White "Bissig, Martin"]
[Black "Brunner, Peter"]
[Result "0-1"]
[WhiteElo "1693"]
[BlackElo "1589"]
[PlyCount "96"]
[EventDate "2005.01.24"]
[EventType "swiss"]
[EventRounds "9"]
[EventCountry "SUI"]
[SourceTitle "EXT 2007"]
[Source "ChessBase"]
[SourceDate "2006.11.23"]
[SourceVersion "1"]
[SourceVersionDate "2006.11.23"]
[SourceQuality "1"]

1. e4 c5 2. Nf3 d6 3. c3 Nf6 4. Be2 e6 5. Qc2 Nbd7 6. d4 cxd4 7. Nxd4 Nc5 8. Bf3 Be7 9. 0-0 0-0 10. Be3 e5 11. Ne2 b6 12. Ng3 Bg4 13. Bxg4 Nxg4 14. Bxc5 dxc5 15. Na3 g6 16. Rad1 Qe8 17. Qe2 Nf6 18. Qf3 b5 19. Nc2 Qc6 20. Ne3 Rad8 21. Nd5 Nxd5 22. exd5 Qa8 23. Rfe1 Qb8 24. Qe3 f6 25. f4 Bd6 26. fxe5 Bxe5 27. Qxc5 Bc7 28. Qc6 Rd6 29. Qxd6 Bxd6 30. Ne4 Be5 31. g3 Rd8 32. Nc5 Qb6 33. b4 Kf7 34. Kg2 Rd6 35. Ne4 Rd8 36. Re2 Qb7 37. Nc5 Qa8 38. Kf1 Rxd5 39. Rde1 Qc6 40. Ne4 Qc4 41. Kf2 Rd7 42. Nc5 Rc7 43. a4 Bxc3 44. Re4 Qd5 45. R1e2 Bd4+ 46. Kf1 Bxc5 47. bxc5 Qxc5 48. axb5 Qxb5 0-1

[Event "Zuerich Seniors op 3rd"]
[Site "Zuerich"]
[Date "2005.01.24"]
[Round "1"]
[White "Vollmer, Stefan"]
[Black "Bissig, Martin"]
[Result "1-0"]
[WhiteElo "2002"]
[BlackElo "1693"]
[PlyCount "43"]
[EventDate "2005.01.24"]
[EventType "swiss"]
[EventRounds "9"]
[EventCountry "SUI"]
[SourceTitle "EXT 2007"]
[Source "ChessBase"]
[SourceDate "2006.11.23"]
[SourceVersion "1"]
[SourceVersionDate "2006.11.23"]
[SourceQuality "1"]

1. e4 c5 2. Nf3 e6 3. d4 cxd4 4. Nxd4 Nc6 5. Nc3 a6 6. Be2 Qc7 7. Nxc6 bxc6 8. 0-0 Bb7 9. Be3 Nf6 10. Bf3 Be7 11. Qd2 0-0 12. Rad1 Rad8 13. Rfe1 Rfe8 14. e5 Nd5 15. Bg5 f6 16. exf6 Nxf6 17. Bf4 Qa5 18. Re5 Nd5 19. Nxd5 Qxd2 20. Nxe7+ Rxe7 21. Rxd2 h6 22. h4 1-0